Welcome to CU Library Online Public Access Catalogue (OPAC)

Legislation on media, Speech and Expression In Ghana, A Sourcebook (Record no. 377)

MARC details
000 -LEADER
fixed length control field 00441nam a22001457a 4500
005 - DATE AND TIME OF LATEST TRANSACTION
control field 20241030141936.0
008 - FIXED-LENGTH DATA ELEMENTS--GENERAL INFORMATION
fixed length control field 241030b |||||||| |||| 00| 0 eng d
020 ## - INTERNATIONAL STANDARD BOOK NUMBER
International Standard Book Number 998879018
100 ## - MAIN ENTRY--PERSONAL NAME
Personal name Ampaw Akoto
245 ## - TITLE STATEMENT
Title Legislation on media, Speech and Expression In Ghana, A Sourcebook
260 ## - PUBLICATION, DISTRIBUTION, ETC.
Place of publication, distribution, etc. Legon, Accra, Ghana
Name of publisher, distributor, etc. Media Foundation for West-Africa
Date of publication, distribution, etc. 2004
300 ## - PHYSICAL DESCRIPTION
Extent xxxiv, 1193 pages.
Dimensions 24 cm
650 ## - SUBJECT ADDED ENTRY--TOPICAL TERM
Source of heading or term Media Law
942 ## - ADDED ENTRY ELEMENTS (KOHA)
Source of classification or shelving scheme Library of Congress Classification
Koha item type Books
Suppress in OPAC No
999 ## -
-- 377
-- 377
Holdings
Withdrawn status Lost status Source of classification or shelving scheme Damaged status Not for loan Collection Home library Current library Shelving location Date acquired Total checkouts Full call number Barcode Date last seen Copy number Price effective from Koha item type
    Library of Congress Classification     Non-fiction Law Library Annex (Miotso) Law Library Annex (Miotso) General stacks 10/30/2024   KRX1065.A28 AMP LLM00000036 10/30/2024 1 10/28/2024 Books
    Library of Congress Classification     Non-fiction Law Library Annex (Miotso) Law Library Annex (Miotso) General stacks 10/30/2024   KRX1065.A28 AMP LLM00000035 10/30/2024 2 10/28/2024 Books
    Library of Congress Classification     Non-fiction Law Library Annex (Miotso) Law Library Annex (Miotso) General stacks 10/30/2024   KRX1065.A28 AMP LLM00000034 10/30/2024 3 10/28/2024 Books
    Library of Congress Classification     Non-fiction Law Library Annex (Miotso) Law Library Annex (Miotso) General stacks 10/30/2024   KRX1065.A28 AMP LLM00000033 10/30/2024 4 10/28/2024 Books
© 2023-2024 Copyright: Central University Libraries. All Rights Reserved | Created by: Mahone Tech Office